Luật thi đấu điền kinh

Tài liệu giúp các cán bộ, huấn luyện viên, vận động viên, trọng tài Việt Nam có hiểu biết toàn diện về các điều luật của hiệp hội quốc tế các liên đoàn Điền kinh nhằm tạo thuận lợi khi tiếp cận với hoạt động điền kinh ngày càng m...

Cur síos iomlán

Đã lưu trong:
Sonraí Bibleagrafaíochta
Formáid: Leabhar
Teanga:Undetermined
Foilsithe: Hà Nội Thể thao và Du lịch 2018
Ábhair:
Clibeanna: Cuir Clib Leis
Gan Chlibeanna, Bí ar an gcéad duine leis an taifead seo a chlibeáil!
Thư viện lưu trữ: Trung tâm Học liệu Trường Đại học Cần Thơ
LEADER 01055nam a2200193Ia 4500
001 CTU_239135
008 210402s9999 xx 000 0 und d
082 |a 796 
082 |b L504 
245 0 |a Luật thi đấu điền kinh 
245 0 |c Bộ Văn hóa, Thể thao và Du lịch. Tổng Cục Thể dục Thể thao 
260 |a Hà Nội 
260 |b Thể thao và Du lịch 
260 |c 2018 
520 |a Tài liệu giúp các cán bộ, huấn luyện viên, vận động viên, trọng tài Việt Nam có hiểu biết toàn diện về các điều luật của hiệp hội quốc tế các liên đoàn Điền kinh nhằm tạo thuận lợi khi tiếp cận với hoạt động điền kinh ngày càng mở rộng trên phạm vi thế giới. 
650 |a Điền kinh,Athletics 
650 |x Luật và pháp luật,Laws and legislation 
910 |b vtbtruc 
980 |a Trung tâm Học liệu Trường Đại học Cần Thơ